|
|
|
|
| LEADER |
00000nam0a2200000 4500 |
| 001 |
333118 |
| 005 |
20231102004525.0 |
| 020 |
|
|
|a RU
|
| 035 |
|
|
|a (RuTPU)RU\TPU\book\359113
|
| 035 |
|
|
|a RU\TPU\book\359066
|
| 090 |
|
|
|a 333118
|
| 100 |
|
|
|a 20170607d1981 k y0rusy5003 ca
|
| 101 |
0 |
|
|a rus
|
| 102 |
|
|
|a RU
|
| 105 |
|
|
|a a z 001zy
|
| 200 |
1 |
|
|a Критерии прогноза качественного состава нефтей и газов
|e [сборник трудов]
|f Всесоюзный научно-исследовательский геологоразведочный нефтяной институт (ВНИГНИ) ; под ред. С. П. Максимова
|
| 210 |
|
|
|a Москва
|c Недра
|d 1981
|
| 215 |
|
|
|a 164 с.
|c ил.
|
| 225 |
1 |
|
|a Труды Всесоюзного научно-исследовательского геологоразведочного нефтяного института (ВНИГНИ)
|v Вып. 223
|
| 320 |
|
|
|a Библиогр.: с. 162-164
|
| 606 |
1 |
|
|a Нефтегазоносность
|x Исследование
|2 stltpush
|3 (RuTPU)RU\TPU\subj\45601
|9 64794
|
| 610 |
1 |
|
|a флюиды
|
| 610 |
1 |
|
|a состав
|
| 610 |
1 |
|
|a геологические данные
|
| 610 |
1 |
|
|a геохимические данные
|
| 610 |
1 |
|
|a интерпретация
|
| 610 |
1 |
|
|a структуры
|
| 610 |
1 |
|
|a генетические типы
|
| 610 |
1 |
|
|a палеотемпературный анализ
|
| 610 |
1 |
|
|a корреляционно-регрессионный анализ
|
| 675 |
|
|
|a 553.98.08
|v 3
|
| 702 |
|
1 |
|a Максимов
|b С. П.
|4 340
|
| 712 |
0 |
2 |
|a Всесоюзный научно-исследовательский геологоразведочный нефтяной институт (ВНИГНИ)
|2 stltpush
|3 (RuTPU)RU\TPU\col\18350
|
| 801 |
|
0 |
|a RU
|b 63413507
|c 19950704
|g psbo
|
| 801 |
|
1 |
|a RU
|b 63413507
|c 20150925
|
| 801 |
|
2 |
|a RU
|b 63413507
|c 20170608
|g RCR
|
| 942 |
|
|
|c BK
|